On This Day: May 20th II Quiz Stats

 Plays Quiz Updated May 20, 2018

Score 0/7 Timer 03:00
0 Plays Today
Question Answer Wrong Answers
In the face of pro-democracy demonstrations, ______ authorities declare martial law, setting the scene for the Tiananmen Square massacre.
1989
Chinese
91.6%
Soviet
2.8%
Japanese
1.3%
North Korean
2.4%
This iconic American actor, known for films like ‘Rear Window’ and ‘Mr. Smith Goes to Washington’, is born.
1908
James Stewart
83.9%
Cary Grant
8.7%
John Wayne
2.9%
Gary Cooper
4.3%
The United Kingdom recognizes the sovereignty of King Ibn Saud in the Kingdoms of Hejaz and Nejd, which later merge to become the Kingdom of ______.
1927
Saudi Arabia
79.2%
Bahrain
5.1%
Jordan
10.9%
Morocco
4.3%
Radio Martí, part of the Voice of America broadcast service, begins broadcasting Spanish-language political propaganda to this nation.
1985
Cuba
78.3%
Argentina
6.9%
Mexico
8.7%
Honduras
4.5%
American and South Vietnamese troops capture ______ Hill, only to abandon it later, causing controversy both in the American military and public.
1969
Hamburger
62.2%
Bunker
14.4%
Champion
2.8%
Pork Chop
19.3%
The secret Triple Alliance between the German Empire, Austria-Hungary and the ______ is formed.
1882
Kingdom of Italy
45.4%
Kingdom of Belgium
3.9%
United Kingdom
4%
Ottoman Empire
46.7%
This man is elected as the first President of the Republic of China.
1948
Chiang Kai-shek
35.3%
Mao Zedong
55.3%
Deng Xiaoping
7.1%
Hideki Tōjō
1.5%

You're not logged in!

Compare scores with friends on all Sporcle quizzes.
OR
Log In

Sporcle TV

Today on Sporcle TV


Watch our educational content, quiz creation guides, and fun videos on Sporcle TV.

Show Comments

Extras

Top Quizzes Today


Score Distribution

Your Account Isn't Verified!

In order to create a playlist on Sporcle, you need to verify the email address you used during registration. Go to your Sporcle Settings to finish the process.

Report this User

Report this user for behavior that violates our Community Guidelines.

Details: